000 00336nam a2200133Ia 4500
008 240624s9999 xx 000 0 und d
041 _aeng
082 _a511.1 SIM
100 _aSIMON CARL P
245 _aMATHEMATICS FOR ECONOMISTS
260 _c2006
_aNew Delhi
_bViva Books Private Limited
300 _a954 : p.
365 _cRS
_b33.5
999 _c16254
_d16254